Commission générale des pêches pour la Méditerranée (Record no. 46769)

MARC details
000 -LEADER
fixed length control field 00554nam a22002057a 4500
003 - CONTROL NUMBER IDENTIFIER
control field 0
005 - DATE AND TIME OF LATEST TRANSACTION
control field 20160609165317.0
008 - FIXED-LENGTH DATA ELEMENTS--GENERAL INFORMATION
fixed length control field 100121t xxu||||| |||| 00| 0 eng d
022 ## - NUMERO INTERNATIONAL NORMALISE DES PUBLICATIONS EN SERIE
International Standard Serial Number 1020-7244
040 ## - SOURCE DU CATALOGAGE
Original cataloging agency BIDOC
Language of cataloging fr
Transcribing agency bidoc
110 ## - VEDETTE PRINCIPALE - NOM DE COLLECTIVITE
Corporate name or jurisdiction name as entry element FAO
9 (RLIN) 2975
245 ## - TITLE STATEMENT
Title Commission générale des pêches pour la Méditerranée
260 ## - PUBLICATION, DISTRIBUTION, ETC. (IMPRINT)
Place of publication, distribution, etc Rome
Name of publisher, distributor, etc FAO
Date of publication, distribution, etc 2009
300 ## - PHYSICAL DESCRIPTION
Extent vi-132 p.
Other physical details couv. ill. en coul.
Dimensions 30 cm.
440 ## - SERIES STATEMENT/ADDED ENTRY--TITLE
Title Rapport CGPM
Number of part/section of a work 33
9 (RLIN) 2976
650 ## - SUBJECT ADDED ENTRY--TOPICAL TERM
Topical term or geographic name as entry element Pêche
9 (RLIN) 2977
650 ## - SUBJECT ADDED ENTRY--TOPICAL TERM
Topical term or geographic name as entry element Navire
9 (RLIN) 2978
650 ## - SUBJECT ADDED ENTRY--TOPICAL TERM
Topical term or geographic name as entry element Méditerranée
9 (RLIN) 2979
942 ## - ADDED ENTRY ELEMENTS (KOHA)
Koha item type Livre
Holdings
Withdrawn status Lost status Damaged status Not for loan Location (home branch) Sublocation or collection (holding branch) Date acquired Source of acquisition Koha issues (times borrowed) Koha full call number Koha date last seen Copy number Price effective from Koha item type
        Bibliothèque-Centre de Documentation de la Faculté des Sciences Agronomiques Bibliothèque-Centre de Documentation de la Faculté des Sciences Agronomiques 21/01/2010 FAO   PA.2009.008 21/01/2010 A.11569 21/01/2010 Livre


© 2008, Bibliothèques de l'Université d'Abomey-Calavi

04 BP 789 Cotonou, Tél. : +229 21 36 01 01, Fax : +229 21 35 06 32

Courriel : bu@bu.uac.bj